| 000 | 01015nam a22002537a 4500 | ||
|---|---|---|---|
| 999 |
_c1343 _d1343 |
||
| 003 | AR-CdUCM | ||
| 008 | 190226b ||||| |||| 00| 0 spa d | ||
| 040 |
_aMUNICIPALIDAD PROVINCIAL DEL CUSCO _cBIBLIOTECA MUNICIPAL DEL CUSCO |
||
| 041 | _hale | ||
| 082 |
_a190 / _bL41 |
||
| 100 |
_aLehmann, Gerhard _95148 |
||
| 245 | _aLa Filosofía del Siglo XIX / | ||
| 260 |
_aMexico : _bHispano Americano, _c1964. |
||
| 300 |
_a170 paginas _c17 cm. |
||
| 505 | _at1 : La filosofía Alemana en el primer tercio del siglo XIX -- Filosofía fundamental -- Filosofía romántica -- El idealismo absoluto t2 : El idealismo tardío -- Crisis de la filosofía antes de marzo -- El neokantismo -- Imagen del mundo y forma del pensamiento en el positivismo... | ||
| 650 |
_aTeismo _95149 |
||
| 650 |
_aIdealismo _9695 |
||
| 650 |
_aLevi Strauss _95150 |
||
| 650 |
_aHegel _95151 |
||
| 650 |
_aGrandes filosofos _95152 |
||
| 700 |
_aAlfonso J. Castaño (Traducción) _95153 |
||
| 942 |
_2ddc _cLIBROS |
||
| 945 |
_awnts _d2019-02-26 |
||